Unidrotit Convention on Stolen or Illegally Exported Cultural Objects (Record no. 102792)

MARC details
000 -LEADER
fixed length control field 01197cam a2200241 4500
001 - CONTROL NUMBER
control field J122225
008 - FIXED-LENGTH DATA ELEMENTS--GENERAL INFORMATION
fixed length control field 021217n1995 000 0 eng u
035 ## - SYSTEM CONTROL NUMBER
System control number (Sirsi) u122225
041 ## - LANGUAGE CODE
Language code of text/sound track or separate title eng
050 ## - LIBRARY OF CONGRESS CALL NUMBER
Classification number 745.1026
-- 18
110 ## - MAIN ENTRY--CORPORATE NAME
Corporate name or jurisdiction name as entry element Unidroit Convention on Stolen or Illegally Exported Cultural Objects (
Date of meeting or treaty signing 1995
Location of meeting Rome )
9 (RLIN) 4448
245 ## - TITLE STATEMENT
Title Unidrotit Convention on Stolen or Illegally Exported Cultural Objects
Remainder of title Rome, 24 June 1995
260 ## - PUBLICATION, DISTRIBUTION, ETC.
Place of publication, distribution, etc. Rome
Name of publisher, distributor, etc. UNIDROIT
Date of publication, distribution, etc. 1995
490 ## - SERIES STATEMENT
Series statement UNIDROIT Convention
520 ## - SUMMARY, ETC.
Summary, etc. Convention which aims to prevent the illicit trade in cultural objects and the damage caused by it, both to these objects themselves and to the cultural heritage, by establishing common, minimal legal rules for the restitution and return of cultural objects between signatories. View at www.unidroit.org.
650 ## - SUBJECT ADDED ENTRY--TOPICAL TERM
Topical term or geographic name entry element ILLICIT TRADE
650 ## - SUBJECT ADDED ENTRY--TOPICAL TERM
Topical term or geographic name entry element CULTURAL OBJECTS
650 ## - SUBJECT ADDED ENTRY--TOPICAL TERM
Topical term or geographic name entry element CONVENTION ON STOLEN OR ILLEGALLY EXPORTED CULTURAL OBJECTS 1995
650 ## - SUBJECT ADDED ENTRY--TOPICAL TERM
Topical term or geographic name entry element STOLEN WORKS OF ART
690 ## - LOCAL SUBJECT ADDED ENTRY--TOPICAL TERM (OCLC, RLIN)
Topical term or geographic name as entry element Arts and antiques
9 (RLIN) 6217
856 ## - ELECTRONIC LOCATION AND ACCESS
Uniform Resource Identifier <a href="https://www.unidroit.org/english/conventions/1995culturalproperty/main.htm ">https://www.unidroit.org/english/conventions/1995culturalproperty/main.htm </a>
Hours access method available View the Convention on the Unidroit website...
942 ## - ADDED ENTRY ELEMENTS (KOHA)
Suppress in OPAC 0
Holdings
Withdrawn status Lost status Source of classification or shelving scheme Damaged status Not for loan Home library Current library Shelving location Date acquired Total Checkouts Full call number Barcode Date last seen Copy number Price effective from Koha item type
    Dewey Decimal Classification     Virtual Virtual Online 08/05/2003   ONLINE PUBLICATION 122225-2001 06/08/2019 1 06/08/2019 Book